European Countries and Capitals on a Map Quiz Stats

 Plays Quiz Updated May 17, 2019

Score 0/94 Timer 10:00
12 Plays Today
% Correct
London
93.5%
Paris
93.5%
United Kingdom
92.6%
France
92.3%
Madrid
91.9%
Spain
91.9%
Berlin
91.3%
Germany
91.2%
Portugal
91%
Sweden
91%
Norway
90.9%
Rome
90.7%
Ireland
90.5%
Dublin
89.9%
Finland
89.8%
Russia
89.7%
Italy
89.6%
Poland
89.2%
Greece
88.8%
Oslo
88.8%
Moscow
88.6%
Turkey
88.4%
Switzerland
88.4%
Lisbon
88%
Athens
87.1%
Iceland
86.9%
Ukraine
86.6%
Austria
86.2%
Belgium
85.8%
Netherlands
85.8%
Denmark
85.5%
Luxembourg
84.5%
% Correct
Luxembourg
84.5%
Warsaw
84.5%
Latvia
84.4%
Amsterdam
84.2%
Stockholm
84.1%
Hungary
84.1%
Croatia
83.9%
Romania
83.6%
Estonia
83.6%
Vatican City
83.5%
Vatican City
83.5%
Czechia
82.9%
Lithuania
82.9%
Helsinki
82.8%
Andorra
82.3%
Slovakia
82%
Vienna
81.6%
Brussels
81.2%
Belarus
80.8%
Bern
80.6%
Copenhagen
80.5%
Slovenia
79.8%
Kyiv
79.5%
Monaco
79.2%
Monaco
79.2%
Budapest
79%
Serbia
78.3%
Malta
78.2%
Bulgaria
78.1%
Prague
78%
North Macedonia
77%
Albania
76.8%
% Correct
Cyprus
76.6%
San Marino
76.5%
San Marino
76.5%
Ankara
76.4%
Bosnia and Herzegovina
74.1%
Moldova
72.8%
Montenegro
72.3%
Kosovo
72.1%
Liechtenstein
71.5%
Reykjavík
71.5%
Bucharest
70.3%
Sofia
68.5%
Riga
68%
Minsk
65.7%
Zagreb
65.6%
Tallinn
64.4%
Sarajevo
58.4%
Bratislava
57.1%
Belgrade
56.9%
Vilnius
56.5%
Andorra La Vella
54.5%
Nicosia
54.4%
Valletta
53.2%
Vaduz
52.3%
Tirana
51.3%
Ljubljana
49.8%
Skopje
47.9%
Chisinau
45.1%
Pristina
44.8%
Podgorica
40.9%

You're not logged in!

Compare scores with friends on all Sporcle quizzes.
OR
Log In

Sporcle TV

Today on Sporcle TV


Watch our educational content, quiz creation guides, and fun videos on Sporcle TV.

Show Comments

Extras

Top Quizzes Today


Score Distribution

Your Account Isn't Verified!

In order to create a playlist on Sporcle, you need to verify the email address you used during registration. Go to your Sporcle Settings to finish the process.

Report this User

Report this user for behavior that violates our Community Guidelines.

Details: